000 00618nam a2200241 a 4500
001 0001-1141
003 ELIB.Books
008 150505 2010 eng
020 _a031023820X
035 _a(ELIB.Books)0001-1296
092 _a259.2
_bStr
100 _aStrommen,
245 _aYouth Ministry That Transforms
260 _aNashville
_bZondervan Publishing House
_c2001
300 _a372
_c23 Cm
500 _aC/o Moe Lwei
650 _aChurch Work with Youth
856 _nKBTS: Library
_uKBTS: Elib
942 _2ddc
_cBK
990 _a1
998 _cbat
_e2015-05-05
999 _c11141
_d11141